Il sor Checco Tozzi. (Record no. 5775)
[ view plain ]
| 000 -LEADER | |
|---|---|
| fixed length control field | 00695cam a22002171 4500 |
| 001 - CONTROL NUMBER | |
| control field | af 48003784 |
| 003 - CONTROL NUMBER IDENTIFIER | |
| control field | DLC |
| 005 - DATE AND TIME OF LATEST TRANSACTION | |
| control field | 20260227110904.0 |
| 008 - FIXED-LENGTH DATA ELEMENTS--GENERAL INFORMATION | |
| fixed length control field | 920923s1944 it 000 0 ita c |
| 010 ## - LIBRARY OF CONGRESS CONTROL NUMBER | |
| LC control number | af 48003784 |
| 035 ## - SYSTEM CONTROL NUMBER | |
| System control number | (OCoLC)26658056 |
| 040 ## - CATALOGING SOURCE | |
| Original cataloging agency | California. Univ. Library |
| Transcribing agency | CU |
| Modifying agency | CU |
| -- | DLC |
| 042 ## - AUTHENTICATION CODE | |
| Authentication code | premarc |
| 050 00 - LIBRARY OF CONGRESS CALL NUMBER | |
| Classification number | PQ4683.A9 |
| Item number | S6 |
| 100 1# - MAIN ENTRY--PERSONAL NAME | |
| Personal name | Azeglio, Massimo d', |
| Dates associated with a name | 1798-1866. |
| 245 13 - TITLE STATEMENT | |
| Title | Il sor Checco Tozzi. |
| 260 ## - PUBLICATION, DISTRIBUTION, ETC. | |
| Place of publication, distribution, etc. | Milano, |
| Name of publisher, distributor, etc. | Jandi |
| Date of publication, distribution, etc. | [1944] |
| 300 ## - PHYSICAL DESCRIPTION | |
| Extent | 117 p. |
| Dimensions | 19 cm. |
| 440 #0 - SERIES STATEMENT/ADDED ENTRY--TITLE | |
| Title | Italiani e stranieri |
| 500 ## - GENERAL NOTE | |
| General note | First published in Cronista (Turin, 1856-1857) as a series of articles with general title: Racconti, leggende, ricordi della vita italiana. |
No items available.